مہا ما ر ی (Record no. 87801)

MARC details
000 -LEADER
fixed length control field 01186nam a22002777a 4500
005 - DATE AND TIME OF LATEST TRANSACTION
control field 20170324105948.0
008 - FIXED-LENGTH DATA ELEMENTS--GENERAL INFORMATION
fixed length control field 140714b xxu||||| |||| 00| 0 Urdu d
010 ## - LCCN (DPL NO)
LC control number UR-8536 B-548290-293 B-665935
020 ## - INTERNATIONAL STANDARD BOOK NUMBER
Terms of availability 200.00
International Standard Book Number 9789381029305
035 ## - SYSTEM CONTROL NUMBER
System control number U-7091 B-548290-293 B-665935
037 ## - SOURCE OF ACQUISITION
Source of stock number/acquisition BPPD/Publishers/Venders
037 ## - SOURCE OF ACQUISITION
Source of stock number/acquisition DBAD/Pub.
037 ## - SOURCE OF ACQUISITION
Source of stock number/acquisition Star Pub.(Vend.)/Arshia Pub.(Pub.)
040 ## - CATALOGING SOURCE
Original cataloging agency DPL
Language of cataloging Urdu
082 ## - DEWEY DECIMAL CLASSIFICATION NUMBER
Classification number ن
100 ## - MAIN ENTRY--PERSONAL NAME
Personal name شمو يل ا حمد
245 ## - TITLE STATEMENT
Title مہا ما ر ی
Statement of responsibility, etc شمو يل ا حمد
246 ## - VARYING FORM OF TITLE
Title proper/short title Mahamari
Remainder of title by Shamoel Ahmad
260 ## - PUBLICATION, DISTRIBUTION, ETC. (IMPRINT)
Name of publisher, distributor, etc Arshia Publictions
-- Star Publications.( Vender)
Date of publication, distribution, etc 2012
260 ## - PUBLICATION, DISTRIBUTION, ETC. (IMPRINT)
Place of publication, distribution, etc 4/5Asaf Ali Road,New Delhi-110002
270 ## - ADDRESS
Address A-170,Ground Floor, 3,Surya Apartment, Dilshad Colony,
City دھلی
Postal code 110095
Telephone number 9971775969
300 ## - PHYSICAL DESCRIPTION
Extent 172ص
Dimensions 22Cm(Pb)
942 ## - ADDED ENTRY ELEMENTS (KOHA)
Source of classification or shelving scheme Dewey Decimal Classification
Item type Urdu Bks
Call number suffix ش م و
Classification part ن
Holdings
Withdrawn status Lost status Source of classification or shelving scheme Damaged status Not for loan Collection code Home library Current library Date acquired Source of acquisition Cost, normal purchase price Total Checkouts Full call number Barcode Date last seen Copy number Cost, replacement price Koha item type
    Dewey Decimal Classification     Fiction Ashok Vihar Ashok Vihar 24/03/2017 BPPD/UR/2014-15/AV/16-17/657/SP/2267/27.2.17/8.3.17 200.00   ن ش م و B-665935 24/03/2017 1 200.00 Urdu Bks
    Dewey Decimal Classification     Fiction Central Library Central Library 16/12/2014 BPPD/UR/2014-15/127/1.8.14/SP/3597/6.8.14/2.9.14 200.00   ن ش م و B-548290 16/12/2014 1 200.00 Urdu Bks
    Dewey Decimal Classification   Not For Loan Non-fiction D.B.Act.Division D.B.Act.Division 06/02/2015 DBAD / PUB 200.00   ن ش م و U-7091 06/02/2015 1 200.00 Urdu Bks
    Dewey Decimal Classification     Fiction Patel Nagar Patel Nagar 16/12/2014 BPPD/UR/2014-15/127/1.8.14/SP/3597/6.8.14/2.9.14 200.00   ن ش م و B-548291 16/12/2014 1 200.00 Urdu Bks
    Dewey Decimal Classification     Fiction Sarojini Nagar Sarojini Nagar 16/12/2014 BPPD/UR/2014-15/127/1.8.14/SP/3597/6.8.14/2.9.14 200.00 1 ن ش م و B-548292 01/04/2019 1 200.00 Urdu Bks
    Dewey Decimal Classification     Fiction Shahdara Branch Shahdara Branch 16/12/2014 BPPD/UR/2014-15/127/1.8.14/SP/3597/6.8.14/2.9.14 200.00   ن ش م و B-548293 16/12/2014 1 200.00 Urdu Bks

© Delhi Public Library
Hit Counter
free hit counter